LEADER 01180nam0 2200325 450 001 000021105 005 20080515172624.0 010 $a88-420-4021-5 100 $a20080319d1992----km-y0itaa50------ba 101 0 $aita 102 $aIT 200 1 $aModus vivendi$fErnesto Galli della Loggia 210 $aRoma ; Bari$cLaterza$d1992 215 $aVIII, 216 p.$d21 cm 225 2 $aNero su bianco$v2 410 1$12001$aNero su bianco$v2 607 $aItalia$xPolitica$xGiudizi della stampa italiana$zSec. 20. 676 $a320.945$v(21. ed.)$9Situazione e condizioni politiche in Italia 676 $a085.1$v(21. ed.)$9Raccolte generali in italiano 700 1$aGalli Della Loggia,$bErnesto$0123640 801 0$aIT$bUniversità della Basilicata - B.I.A.$gRICA$2unimarc 912 $a000021105 996 $aModus vivendi$985406 997 $aUNIBAS BAS $aLETTERE CAT $aSTD063$b01$c20080319$lBAS01$h1101 CAT $aTTM$b30$c20080515$lBAS01$h1700 CAT $aTTM$b30$c20080515$lBAS01$h1726 FMT Z30 -1$lBAS01$LBAS01$mBOOK$1BASA1$APolo Storico-Umanistico$2GEN$BCollezione generale$3FP/89960 10B$689960$5L89960$820080319$f02$FPrestabile Generale